LEADER 02172namaa2200409 i 4500 001 000000178695 003 CaOOAMICUS 005 20260506094954.0 007 tu 008 260504s2025 it 000 u ita r 020 $a978-88-08-32105-3* 040 $aPUL$bita$erda 082 0 $a346.4504 245 10$aDel possesso : $bdisposizioni generali; dei diritti e degli obblighi del possessore nella restituzione della cosa; del possesso di buona fede di beni mobili :$dart. 1140-1157 /$ca cura di Emanuela Giacobbe. 264 4$c©2025.. 264 1$aBologna :$bZanichelli,$c2025. 300 $aLXXXVI, 1154 pagine;$c25 cm 336 $atesto$btxt$2rdacontent 337 $asenza mediazione$bn$2rdamedia 338 $avolume$bnc$2rdacarrier 490 1 $aCommentario del codice civile e codici collegati Scialoja-Branca-Galgano$aLibro terzo$aDella proprietą ;$vArt. 1140-1157 500 $aTitolo sul dorso 504 $aContiene riferimenti bibliografici e indice. 650 4$aCodice civile.$0(OLS)http://pul/subject/2361 650 4$aProprietą privata.$0(OLS)http://pul/subject/38446 700 1 $aGiacobbe, Emanuela,$d1965-,$ecuratore.$0(OLS)http://pul/name/114984 700 1 $aAgostinelli, Benedetta,$d1975-,$ecollaboratore.$0(OLS)http://pul/name/82758 830 0$aCommentario del codice civile e codici collegati Scialoja-Branca-Galgano. $bLibro terzo.$dDella proprietą ;$vArt. 1140-1157.$0(OLS)http://pul/title/219310 850 $aPUL 852 $aPUL$W1$xSL Diritto e Scienze Sociali 3$y79$m346. 45 COLL 7.1140$j202478$qDDC 21$B207888$CPULBib$Z2$F207888 $H138573 $82 941 1 $a9 996 $6020$a978-88-08-32105-3*$9(OLS)http://pul/number/170954 996 $6082$a346.4504$9(OLS)http://pul/classification/1822 996 $6245$aDel possesso : $bdisposizioni generali; dei diritti e degli obblighi del possessore nella restituzione della cosa; del possesso di buona fede di beni mobili :$dart. 1140-1157$9(OLS)http://pul/title/220271 996 $6264$aBologna :$bZanichelli$9(OLS)http://pul/publisher/48255 996 $6264$a[S.l.] :$b[s.n.]$9(OLS)http://pul/publisher/0